Fr. Conceicao Rodrigues College of Engineering

How To Succed At Interviews (Record no. 23180)

MARC details
000 -LEADER
fixed length control field 00298nam a2200133Ia 4500
100 ## - MAIN ENTRY--PERSONAL NAME
Personal name Andrews/ Sudhir
245 ## - TITLE STATEMENT
Title How To Succed At Interviews
260 ## - PUBLICATION, DISTRIBUTION, ETC.
Name of publisher, distributor, etc. Tata McGraw Hill
Place of publication, distribution, etc. New Delhi
Date of publication, distribution, etc. 1988
300 ## - PHYSICAL DESCRIPTION
Extent 91
546 ## - LANGUAGE NOTE
Language note ENGLISH
650 ## - SUBJECT ADDED ENTRY--TOPICAL TERM
Topical term or geographic name entry element General
654 ## - SUBJECT ADDED ENTRY--FACETED TOPICAL TERMS
Focus term How To succed
942 ## - ADDED ENTRY ELEMENTS (KOHA)
Koha item type BOOK
Holdings
Withdrawn status Lost status Damaged status Not for loan Collection Home library Current library Date acquired Total Checkouts Full call number Barcode Date last seen Price effective from Koha item type
        AFT Fr. Agnel's C.Rodrigues College of Engineering Fr. Agnel's C.Rodrigues College of Engineering 17/03/2023   AFT5583 17/03/2023 17/03/2023 BOOK